以下云南城市位于哪个流域 - 选择 - Statistics

General Stats
  • This quiz has been taken 13 times
  • The average score is 14 of 30
Answer Stats
Hint Answer % Correct
水富 A.长江流域
83%
东川 A.长江流域
83%
昭通 A.长江流域
75%
楚雄 A.长江流域
67%
曲靖 B.珠江流域
67%
广南 B.珠江流域
67%
元江 C.元江流域
67%
景洪 D.澜沧江流域
67%
泸水 E.怒江流域
67%
昆明 A.长江流域
58%
镇雄 A.长江流域
58%
普洱 D.澜沧江流域
58%
大理 D.澜沧江流域
58%
丽江 A.长江流域
50%
香格里拉 A.长江流域
42%
安宁 A.长江流域
42%
宣威 B.珠江流域
42%
弥勒 B.珠江流域
42%
芒市 F.伊洛瓦底江流域
42%
腾冲 F.伊洛瓦底江流域
42%
瑞丽 F.伊洛瓦底江流域
42%
玉溪 B.珠江流域
33%
开远 B.珠江流域
33%
保山 E.怒江流域
33%
澄江 B.珠江流域
25%
文山 C.元江流域
25%
临沧 E.怒江流域
17%
蒙自 B.珠江流域
8%
个旧 B.珠江流域
8%
禄丰 C.元江流域
0%
No matching quizzes found
Score Distribution
Percent of People with Each Score
Percentile by Number Answered
Your Score History
You have not taken this quiz